personnage teen wolf par image - Statistiques

Statistiques générales
  • Ce quiz a été pris 139 fois
  • Le résultat moyen est 16 sur 40
Statistiques - réponses
Par images Réponse % Correct
Chris Argent
79%
Scott McCall
79%
Allison Argent
75%
Peter Hale
75%
Stiles Stilinski
75%
Gerard Argent
74%
Derek Hale
73%
Kate Argent
72%
Melissa McCall
71%
Jackson
70%
Malia Tate
68%
Lydia Martin
65%
Deucalion
64%
Cora Hale
63%
Isaac Lahey
63%
Jordan Parrish
62%
Liam Dunbar
62%
Alan Deaton
48%
Kira Yukimura
43%
Sheriff Stilinski
35%
Rafael McCall
29%
Theo Raeken
28%
Victoria Argent
27%
Ethan et Aiden
25%
Brett Talbot
24%
Braeden
23%
Meredith Walker
21%
Mason Hewitt
19%
Hayden Romero
15%
Erica Reyes
13%
Mr. Lahey
11%
Coach Finstock
9%
Tracy Stewart
7%
Marin Morrell
6%
Tara Raeken
6%
Nolan Holloway
5%
Tamora Monroe
4%
Corey Briant
2%
Paige Krasikeva
2%
Danny Mahealani
1%
Aucun quiz correspondant
Distribution des résultats
% des personnes avec chaque résultat
Percentile par nombre de réponses
Votre historique - résultats
Vous n’avez pas pris ce quiz